000 01011nam a2200253Ia 4500
003 OSt
005 20221005110327.0
006 a|||||r|||| 00| 0
007 ta
008 221004b |||||||| |||| 00| 0 hin d
020 _a8179751422 (hbk)
_c400
024 _a97594
037 _b416, 23/03/2009, Swaraj Prakashan
_cTextual
040 _aCRL
_cCRL
_bhin
041 _2hin
_ahin
082 _a4:(W), 152P6
100 _aपारख, जवरी मल्ल
245 0 _aजनसंचार माध्यमों का राजनीतिक चरित्र
246 _aJanasanchār mādhyamoan kā rājanītik charitra
260 _aनई दिल्ली
_bअनामिका पब्लिशर्स एण्ड डिस्ट्रीब्यूटर्स भारत
_c2006
300 _a231पृ0
_ccm.
942 _h4:(W), 152P6
_cTEXL
_2cc
999 _c1018467
_d1018467